[Event "Muensterland Regionalliga playoff 9-12"]
[Site "Germany"]
[Date "2023.05.06"]
[Round "2.4"]
[White "Rebber, Christian"]
[Black "Kuhlenbaeumer, Willi"]
[Result "1/2-1/2"]
[WhiteElo "1848"]
[BlackElo "1917"]
[PlyCount "69"]
[EventDate "2022.03.18"]
[EventType "team-k.o."]
[EventRounds "2"]
[EventCountry "GER"]
[SourceTitle "EXT 2024"]
[Source "ChessBase"]
[SourceDate "2023.10.10"]
[SourceVersion "1"]
[SourceVersionDate "2023.10.10"]
[SourceQuality "1"]
[WhiteTeam "Duelmen"]
[BlackTeam "Bocholt"]
[WhiteTeamCountry "GER"]
[BlackTeamCountry "GER"]

1. b4 e5 2. Bb2 d6 3. c4 f5 4. e3 Nf6 5. Nc3 Be7 6. b5 0-0 7. Be2 c5 8. d3 Nbd7 9. Nf3 Ng4 10. h3 Nh6 11. 0-0 Nb6 12. a4 Be6 13. a5 Nd7 14. Nd2 g5 15. Bf3 Rb8 16. Bd5 Bxd5 17. Nxd5 Nf6 18. Nxf6+ Bxf6 19. e4 f4 20. Qh5 Kg7 21. Kh1 Qe8 22. Qxe8 Rbxe8 23. g4 Nf7 24. Kg2 h5 25. a6 b6 26. Rae1 Rh8 27. Rh1 Rh7 28. Nb1 Nh8 29. Nc3 Ng6 30. f3 Reh8 31. Nd5 Bd8 32. Bc3 Ne7 33. Nxe7 Bxe7 34. Reg1 Kg6 35. Be1 1/2-1/2

[Event "Muensterland Regionalliga playoff 9-12"]
[Site "Germany"]
[Date "2023.03.18"]
[Round "1.3"]
[White "Beckmann, David"]
[Black "Kuhlenbaeumer, Willi"]
[Result "0-1"]
[WhiteElo "1990"]
[BlackElo "1917"]
[PlyCount "88"]
[EventDate "2022.03.18"]
[EventType "team-k.o."]
[EventRounds "2"]
[EventCountry "GER"]
[SourceTitle "EXT 2024"]
[Source "ChessBase"]
[SourceDate "2023.10.10"]
[SourceVersion "1"]
[SourceVersionDate "2023.10.10"]
[SourceQuality "1"]
[WhiteTeam "Borken"]
[BlackTeam "Bocholt"]
[WhiteTeamCountry "GER"]
[BlackTeamCountry "GER"]

1. d4 Nf6 2. Nf3 d6 3. g3 g6 4. Bg2 Bg7 5. c4 0-0 6. 0-0 Nc6 7. Nc3 e5 8. d5 Ne7 9. e4 Ne8 10. Ne1 f5 11. Nd3 Nf6 12. f3 h6 13. Be3 g5 14. Rc1 f4 15. Bf2 Ng6 16. c5 Rf7 17. cxd6 cxd6 18. Nb5 a6 19. Na3 h5 20. Nc4 Ne8 21. Nb6 Rb8 22. Nxc8 Rxc8 23. Qa4 Rxc1 24. Rxc1 g4 25. gxf4 exf4 26. Kh1 Kh7 27. Qc2 Ne5 28. Nxe5 Bxe5 29. Qc8 Qxc8 30. Rxc8 Nf6 31. b4 Kg6 32. a4 Nh7 33. Bh4 Bf6 34. Bf2 Ng5 35. fxg4 hxg4 36. Rc4 Rh7 37. Kg1 Be5 38. Bd4 Kf6 39. b5 axb5 40. axb5 Bxd4+ 41. Rxd4 Rc7 42. Rd1 Ke5 43. b6 Rc2 44. Re1 f3 0-1

[Event "Muensterland Regionalliga Gr1 2223"]
[Site "Germany"]
[Date "2023.02.04"]
[Round "6.4"]
[White "Kuhlenbaeumer, Willi"]
[Black "Weist, Thorsten"]
[Result "1/2-1/2"]
[WhiteElo "1935"]
[BlackElo "1770"]
[PlyCount "46"]
[EventDate "2022.09.03"]
[EventType "team-tourn"]
[EventRounds "7"]
[EventCountry "GER"]
[SourceTitle "EXT 2024"]
[Source "ChessBase"]
[SourceDate "2023.10.10"]
[SourceVersion "1"]
[SourceVersionDate "2023.10.10"]
[SourceQuality "1"]
[WhiteTeam "Bocholt"]
[BlackTeam "Emsdetten Rochade"]
[WhiteTeamCountry "GER"]
[BlackTeamCountry "GER"]

1. e4 c5 2. Nf3 a6 3. d4 cxd4 4. Nxd4 Nf6 5. Nc3 e5 6. Nf3 Bb4 7. Bc4 d6 8. 0-0 Bxc3 9. bxc3 Qc7 10. Bb3 Nbd7 11. Re1 0-0 12. Bg5 h6 13. Bh4 b5 14. Bxf6 Nxf6 15. Qd3 Bb7 16. Nh4 Rac8 17. Nf5 d5 18. Qg3 g6 19. Rad1 Kh7 20. Qh4 gxf5 21. Qxf6 fxe4 22. Qf5+ Kh8 23. Qf6+ Kh7 1/2-1/2

[Event "Muensterland Regionalliga playoff Gr1"]
[Site "Germany"]
[Date "2022.06.11"]
[Round "5.3"]
[White "Kuhlenbaeumer, Willi"]
[Black "Gehlen, Horst"]
[Result "1/2-1/2"]
[WhiteElo "1929"]
[BlackElo "1698"]
[PlyCount "80"]
[EventDate "2022.03.19"]
[EventType "team-tourn"]
[EventRounds "5"]
[EventCountry "GER"]
[SourceTitle "EXT 2023"]
[Source "ChessBase"]
[SourceDate "2022.10.05"]
[SourceVersion "1"]
[SourceVersionDate "2022.10.05"]
[SourceQuality "1"]
[WhiteTeam "Bocholt"]
[BlackTeam "Duelmen"]
[WhiteTeamCountry "GER"]
[BlackTeamCountry "GER"]

1. c4 e5 2. Nc3 Nc6 3. g3 f5 4. Bg2 Nf6 5. d3 Bb4 6. Bd2 Bxc3 7. Bxc3 d6 8. e3 0-0 9. Ne2 Qe8 10. Qd2 Qh5 11. 0-0-0 Bd7 12. h3 a5 13. f4 Rfb8 14. e4 fxe4 15. g4 Qf7 16. g5 exd3 17. gxf6 dxe2 18. Qxe2 gxf6 19. fxe5 Nxe5 20. c5 Re8 21. Qf2 Bc6 22. cxd6 cxd6 23. Rxd6 Re6 24. Rhd1 Bxg2 25. Qxg2+ Kf8 26. Rxe6 Qxe6 27. Qxb7 Re8 28. Qxh7 Nf7 29. Re1 Qxa2 30. Rxe8+ Kxe8 31. Qe4+ Ne5 32. Bxe5 fxe5 33. Qxe5+ Kf7 34. Qf4+ Kg7 35. h4 Qa1+ 36. Kc2 Qe1 37. Qg5+ Kf7 38. Qf5+ Kg7 39. h5 Qe2+ 40. Kb3 Qd1+ 1/2-1/2

[Event "Muensterland Regionalliga 1920"]
[Site "Germany"]
[Date "2019.11.30"]
[Round "4.5"]
[White "Kuhlenbaeumer, Willi"]
[Black "Langendijk, Andre"]
[Result "0-1"]
[WhiteElo "1925"]
[BlackElo "1926"]
[PlyCount "72"]
[EventDate "2019.09.07"]
[EventType "team-tourn"]
[EventRounds "7"]
[EventCountry "GER"]
[SourceTitle "EXT 2023"]
[Source "ChessBase"]
[SourceDate "2022.10.05"]
[SourceVersion "1"]
[SourceVersionDate "2022.10.05"]
[SourceQuality "1"]
[WhiteTeam "Bocholt"]
[BlackTeam "Gronau"]
[WhiteTeamCountry "GER"]
[BlackTeamCountry "GER"]

1. e4 c5 2. Nf3 g6 3. d4 cxd4 4. Nxd4 Nf6 5. Nc3 Nc6 6. Be2 Bg7 7. Be3 0-0 8. Qd2 d5 9. exd5 Nxd5 10. Nxd5 Qxd5 11. Bf3 Qc4 12. b3 Qa6 13. c3 Nxd4 14. cxd4 Rd8 15. Rd1 Bf5 16. Be2 Qa3 17. 0-0 a6 18. Bf3 Rd7 19. g4 Be6 20. Qe2 Rad8 21. Rd2 Qb4 22. Rfd1 Bd5 23. Bxd5 Rxd5 24. Qc4 Qd6 25. h3 h5 26. Kg2 Qd7 27. f3 b5 28. Qc2 Qb7 29. Qe4 hxg4 30. hxg4 R8d6 31. f4 Qd7 32. Qf3 a5 33. Bf2 a4 34. bxa4 bxa4 35. Kg3 Bxd4 36. Qe4 Bxf2+ 0-1

[Event "Muensterland Regionalliga 1920"]
[Site "Germany"]
[Date "2019.11.09"]
[Round "3.6"]
[White "Kuhlenbaeumer, Willi"]
[Black "Rebber, Christian"]
[Result "1-0"]
[WhiteElo "1925"]
[BlackElo "1833"]
[PlyCount "99"]
[EventDate "2019.09.07"]
[EventType "team-tourn"]
[EventRounds "7"]
[EventCountry "GER"]
[SourceTitle "EXT 2023"]
[Source "ChessBase"]
[SourceDate "2022.10.05"]
[SourceVersion "1"]
[SourceVersionDate "2022.10.05"]
[SourceQuality "1"]
[WhiteTeam "Bocholt"]
[BlackTeam "Duelmen"]
[WhiteTeamCountry "GER"]
[BlackTeamCountry "GER"]

1. e4 e5 2. Nf3 Nc6 3. Bc4 Bc5 4. 0-0 Nf6 5. d3 0-0 6. Bg5 Be7 7. a3 a6 8. Nc3 d6 9. h3 Be6 10. Bxf6 Bxf6 11. Nd5 b5 12. Ba2 Nb8 13. c3 Nd7 14. d4 c6 15. Ne3 Bxa2 16. Rxa2 g6 17. b3 Be7 18. Qd3 Qc7 19. h4 Rfd8 20. h5 Nf6 21. hxg6 hxg6 22. Rd1 Kg7 23. a4 Rab8 24. axb5 axb5 25. Rda1 Rb7 26. Ra6 Rb6 27. R6a5 Rb7 28. g3 Qd7 29. dxe5 dxe5 30. Qxd7 Nxd7 31. Ra6 Rc8 32. b4 f6 33. Ra7 Rcc7 34. Rxb7 Rxb7 35. Ra6 c5 36. Nd5 Kf7 37. Nh4 cxb4 38. cxb4 Bf8 39. Kg2 Bg7 40. f4 Nb8 41. Rd6 exf4 42. gxf4 Nd7 43. Kh3 Ra7 44. Kg4 Rb7 45. Nf3 Bf8 46. Ra6 Bg7 47. e5 fxe5 48. Ng5+ Ke8 49. Rxg6 Bf8 50. Re6+ 1-0

[Event "Muensterland Regionalliga 1920"]
[Site "Germany"]
[Date "2019.09.28"]
[Round "2.5"]
[White "Kuhlenbaeumer, Willi"]
[Black "Peters, Helmut"]
[Result "1/2-1/2"]
[WhiteElo "1907"]
[BlackElo "1942"]
[PlyCount "33"]
[EventDate "2019.09.07"]
[EventType "team-tourn"]
[EventRounds "7"]
[EventCountry "GER"]
[SourceTitle "EXT 2023"]
[Source "ChessBase"]
[SourceDate "2022.10.05"]
[SourceVersion "1"]
[SourceVersionDate "2022.10.05"]
[SourceQuality "1"]
[WhiteTeam "Bocholt"]
[BlackTeam "Muenster SK IV"]
[WhiteTeamCountry "GER"]
[BlackTeamCountry "GER"]

1. e4 c5 2. d4 cxd4 3. c3 d5 4. exd5 Qxd5 5. Qxd4 Qxd4 6. cxd4 Nc6 7. Bb5 Bd7 8. Ne2 Nf6 9. Nbc3 e6 10. 0-0 Nb4 11. Bg5 Be7 12. Bxd7+ Kxd7 13. Rfd1 Rhd8 14. Rac1 Rac8 15. Bxf6 Bxf6 16. a3 Nd5 17. Nxd5 1/2-1/2

[Event "Muensterland Verbandsliga 1819"]
[Site "Germany"]
[Date "2019.02.16"]
[Round "7.3"]
[White "Spillmann, Peter"]
[Black "Kuhlenbaeumer, Willi"]
[Result "1-0"]
[WhiteElo "1881"]
[BlackElo "1922"]
[PlyCount "41"]
[EventDate "2018.09.01"]
[EventType "team-tourn"]
[EventRounds "9"]
[EventCountry "GER"]
[SourceTitle "EXT 2020"]
[Source "ChessBase"]
[SourceDate "2019.10.17"]
[SourceVersion "1"]
[SourceVersionDate "2019.10.17"]
[SourceQuality "1"]
[WhiteTeam "Muenster IV"]
[BlackTeam "Telgte"]
[WhiteTeamCountry "GER"]
[BlackTeamCountry "GER"]

1. f4 e5 2. fxe5 d6 3. exd6 Bxd6 4. Nf3 Nh6 5. Nc3 Ng4 6. g3 Nxh2 7. Rxh2 Bxg3+ 8. Rf2 g5 9. d4 g4 10. Bg5 Bxf2+ 11. Kxf2 f6 12. Bf4 gxf3 13. exf3 Be6 14. d5 Bf5 15. Nb5 Na6 16. d6 c6 17. Nd4 Bd7 18. Qe1+ Kf8 19. Bh6+ Kf7 20. Bc4+ Kg6 21. Qe3 1-0

[Event "Muensterland Verbandsliga 1819"]
[Site "Germany"]
[Date "2018.11.24"]
[Round "4.3"]
[White "Kuhlenbaeumer, Willi"]
[Black "Hanewinkel, Winfried"]
[Result "1-0"]
[WhiteElo "1922"]
[BlackElo "1919"]
[PlyCount "65"]
[EventDate "2018.09.01"]
[EventType "team-tourn"]
[EventRounds "9"]
[EventCountry "GER"]
[SourceTitle "EXT 2020"]
[Source "ChessBase"]
[SourceDate "2019.10.17"]
[SourceVersion "1"]
[SourceVersionDate "2019.10.17"]
[SourceQuality "1"]
[WhiteTeam "Telgte"]
[BlackTeam "Beelen"]
[WhiteTeamCountry "GER"]
[BlackTeamCountry "GER"]

1. e4 d5 2. exd5 Nf6 3. d4 Bg4 4. Be2 Bxe2 5. Nxe2 Nxd5 6. 0-0 e6 7. c4 Nb6 8. Nbc3 Nc6 9. b3 Be7 10. Be3 0-0 11. Qd2 e5 12. d5 Nb4 13. Rad1 Na6 14. f4 exf4 15. Bxf4 Qd7 16. Rf3 f5 17. Nd4 Bc5 18. Kh1 Bxd4 19. Qxd4 Rae8 20. h3 Nc8 21. Be5 b6 22. Rdf1 Rf7 23. Ne4 Nd6 24. Ng5 Rfe7 25. Bxd6 Qxd6 26. Rxf5 c6 27. Qh4 h6 28. Ne6 cxd5 29. cxd5 Nc5 30. Rf8+ Rxf8 31. Rxf8+ Kh7 32. Rd8 Qe5 33. Nf8+ 1-0

[Event "Muensterland Verbandsliga 1718"]
[Site "Germany"]
[Date "2018.03.03"]
[Round "7.3"]
[White "Kuhlenbaeumer, Willi"]
[Black "Ehrlich, Hans Georg"]
[Result "1/2-1/2"]
[WhiteElo "1925"]
[BlackElo "1788"]
[PlyCount "34"]
[EventDate "2017.09.09"]
[EventType "team-tourn"]
[EventRounds "9"]
[EventCountry "GER"]
[SourceTitle "EXT 2019"]
[Source "ChessBase"]
[SourceDate "2018.10.10"]
[SourceVersion "1"]
[SourceVersionDate "2018.10.10"]
[SourceQuality "1"]
[WhiteTeam "Telgte"]
[BlackTeam "Heiden"]
[WhiteTeamCountry "GER"]
[BlackTeamCountry "GER"]

1. e4 d5 2. exd5 Qxd5 3. Nc3 Qd8 4. Bc4 Nf6 5. h3 c6 6. Nf3 b5 7. Bb3 a5 8. a3 e6 9. 0-0 Be7 10. Re1 0-0 11. d3 Qb6 12. Qe2 Re8 13. Ne5 Bd6 14. Ng4 Nbd7 15. Bg5 Nxg4 16. hxg4 Nc5 17. Be3 Qc7 1/2-1/2

[Event "Muensterland Verbandsliga 1718"]
[Site "Germany"]
[Date "2018.01.20"]
[Round "5.2"]
[White "Boesel, Alexander"]
[Black "Kuhlenbaeumer, Willi"]
[Result "1-0"]
[WhiteElo "2000"]
[BlackElo "1925"]
[PlyCount "99"]
[EventDate "2017.09.09"]
[EventType "team-tourn"]
[EventRounds "9"]
[EventCountry "GER"]
[SourceTitle "EXT 2019"]
[Source "ChessBase"]
[SourceDate "2018.10.10"]
[SourceVersion "1"]
[SourceVersionDate "2018.10.10"]
[SourceQuality "1"]
[WhiteTeam "Olfen"]
[BlackTeam "Telgte"]
[WhiteTeamCountry "GER"]
[BlackTeamCountry "GER"]

1. e4 e6 2. d4 d5 3. Nd2 c5 4. exd5 exd5 5. Ngf3 Nf6 6. Bb5+ Nc6 7. 0-0 Be7 8. dxc5 0-0 9. Bxc6 bxc6 10. b4 Bg4 11. Bb2 a5 12. a3 axb4 13. axb4 Rb8 14. Ra4 Qd7 15. Qa1 Bxf3 16. Nxf3 Nh5 17. Ne5 Qc8 18. Re1 Bg5 19. Qd1 g6 20. Bc3 f6 21. Ng4 Nf4 22. Ra7 Rf7 23. Rxf7 Kxf7 24. g3 Nh3+ 25. Kg2 h5 26. Kxh3 Qf5 27. f3 hxg4+ 28. Kg2 gxf3+ 29. Qxf3 Qxc2+ 30. Re2 Qf5 31. Qxf5 gxf5 32. h4 Bh6 33. Ra2 Be3 34. Kf3 d4 35. Be1 Ke6 36. Ke2 Kd5 37. Kd3 f4 38. gxf4 Bxf4 39. Ra7 Re8 40. Rd7+ Ke6 41. Rxd4 Be5 42. Rg4 Kd5 43. h5 Ra8 44. h6 Ra3+ 45. Ke2 f5 46. Rh4 f4 47. h7 Ra2+ 48. Kf3 Ra3+ 49. Kg4 Ra1 50. Rh5 1-0

[Event "Muensterland Verbandsliga 1718"]
[Site "Germany"]
[Date "2017.11.18"]
[Round "3.3"]
[White "Arning, Marcus"]
[Black "Kuhlenbaeumer, Willi"]
[Result "1-0"]
[WhiteElo "1893"]
[BlackElo "1925"]
[PlyCount "63"]
[EventDate "2017.09.09"]
[EventType "team-tourn"]
[EventRounds "9"]
[EventCountry "GER"]
[SourceTitle "EXT 2019"]
[Source "ChessBase"]
[SourceDate "2018.10.10"]
[SourceVersion "1"]
[SourceVersionDate "2018.10.10"]
[SourceQuality "1"]
[WhiteTeam "Steinfurt"]
[BlackTeam "Telgte"]
[WhiteTeamCountry "GER"]
[BlackTeamCountry "GER"]

1. e4 e6 2. d4 d5 3. e5 c5 4. c3 Nc6 5. Nf3 f5 6. Be2 Be7 7. 0-0 Nh6 8. Bxh6 gxh6 9. dxc5 Bxc5 10. b4 Be7 11. b5 Na5 12. Nd4 0-0 13. Nd2 Kh8 14. c4 Qb6 15. N4b3 Nxb3 16. Qxb3 Rg8 17. cxd5 exd5 18. Bf3 Be6 19. Qb2 Rad8 20. a4 a6 21. Rab1 a5 22. Rbc1 Rg7 23. Rfd1 d4 24. Nc4 Qc5 25. Nxa5 Qxe5 26. Bxb7 Bd5 27. Bxd5 Qxd5 28. g3 f4 29. Nc6 fxg3 30. hxg3 Rd6 31. Rxd4 Qf3 32. Nxe7 1-0

[Event "Muensterland Verbandsliga 1617"]
[Site "Germany"]
[Date "2016.10.01"]
[Round "2.3"]
[White "Kuhlenbaeumer, Willi"]
[Black "Ehrlich, Hans Georg"]
[Result "1-0"]
[WhiteElo "1928"]
[BlackElo "1818"]
[PlyCount "53"]
[EventDate "2016.09.10"]
[EventType "team"]
[EventRounds "9"]
[EventCountry "GER"]
[SourceTitle "EXT 2018"]
[Source "ChessBase"]
[SourceDate "2017.10.13"]
[SourceVersion "1"]
[SourceVersionDate "2017.10.13"]
[SourceQuality "1"]
[WhiteTeam "Telgte"]
[BlackTeam "Heiden"]
[WhiteTeamCountry "GER"]
[BlackTeamCountry "GER"]

1. e4 d5 2. exd5 Qxd5 3. Nc3 Qd8 4. Bc4 Nf6 5. d4 c6 6. Bg5 Bg4 7. f3 Bf5 8. Qd2 Nbd7 9. Nge2 e6 10. h4 h6 11. Be3 Be7 12. g4 Bg6 13. Nf4 Bh7 14. 0-0-0 Nb6 15. Bxe6 fxe6 16. Nxe6 Qd6 17. Nxg7+ Kd7 18. Bf4 Qb4 19. a3 Qc4 20. d5 cxd5 21. Qe3 Qc6 22. Rhe1 Ng8 23. Ne6 Re8 24. Nc7 Rf8 25. N7xd5 Nxd5 26. Rxd5+ Kc8 27. Qxa7 1-0

[Event "Muensterland Regionalliga 1516"]
[Site "Germany"]
[Date "2016.01.30"]
[Round "6.4"]
[White "Grund, Wolfgang"]
[Black "Kuhlenbaeumer, Willi"]
[Result "1-0"]
[WhiteElo "1854"]
[BlackElo "1947"]
[PlyCount "59"]
[EventDate "2015.09.05"]
[EventType "team"]
[EventRounds "9"]
[EventCountry "GER"]
[SourceTitle "EXT 2017"]
[Source "ChessBase"]
[SourceDate "2016.10.25"]
[SourceVersion "1"]
[SourceVersionDate "2016.10.25"]
[SourceQuality "1"]
[WhiteTeam "Duelmen"]
[BlackTeam "Telgte"]
[WhiteTeamCountry "GER"]
[BlackTeamCountry "GER"]

1. e4 e6 2. d4 d5 3. e5 c5 4. c3 Nc6 5. Nf3 Qb6 6. Bd3 Bd7 7. dxc5 Bxc5 8. 0-0 f5 9. b4 Be7 10. a4 Nh6 11. Bxh6 gxh6 12. Qd2 0-0-0 13. a5 Qc7 14. Qe3 Kb8 15. Na3 Rdg8 16. Nb5 Qd8 17. Nfd4 Nxd4 18. Nxd4 Qe8 19. f4 Rg7 20. Rf2 Rhg8 21. Bf1 Bh4 22. Rb2 h5 23. b5 Ka8 24. b6 a6 25. Bxa6 bxa6 26. b7+ Kb8 27. Raa2 Qe7 28. Rb6 Bb5 29. Rxb5 axb5 30. Nc6+ 1-0

[Event "Muensterland Regionalliga 1516"]
[Site "Germany"]
[Date "2016.01.09"]
[Round "5.5"]
[White "Reinhold, Klaus"]
[Black "Kuhlenbaeumer, Willi"]
[Result "1/2-1/2"]
[WhiteElo "1900"]
[BlackElo "1947"]
[PlyCount "65"]
[EventDate "2015.09.05"]
[EventType "team"]
[EventRounds "9"]
[EventCountry "GER"]
[SourceTitle "EXT 2017"]
[Source "ChessBase"]
[SourceDate "2016.10.25"]
[SourceVersion "1"]
[SourceVersionDate "2016.10.25"]
[SourceQuality "1"]
[WhiteTeam "Gronau"]
[BlackTeam "Telgte"]
[WhiteTeamCountry "GER"]
[BlackTeamCountry "GER"]

1. d4 Nf6 2. c4 g6 3. Nc3 d6 4. Nf3 Bg7 5. e4 0-0 6. Be2 e5 7. dxe5 dxe5 8. Qxd8 Rxd8 9. Bg5 Re8 10. Nd5 Nxd5 11. cxd5 f5 12. Rc1 h6 13. Be3 c6 14. Bc4 Kh7 15. 0-0 Nd7 16. dxc6 bxc6 17. Nh4 Nf8 18. Bc5 Bf6 19. Bf7 Rd8 20. Rfd1 Be6 21. Rxd8 Rxd8 22. Bxe6 Nxe6 23. g3 Bxh4 24. gxh4 Nf4 25. Kf1 fxe4 26. Be3 a6 27. Bxf4 exf4 28. Ke2 Rd6 29. Rc4 Re6 30. f3 exf3+ 31. Kxf3 g5 32. hxg5 hxg5 33. h4 1/2-1/2

[Event "Muensterland Regionalliga 1516"]
[Site "Germany"]
[Date "2015.12.05"]
[Round "4.5"]
[White "Kuhlenbaeumer, Willi"]
[Black "Baumann, Stephan"]
[Result "1/2-1/2"]
[WhiteElo "1947"]
[BlackElo "2046"]
[PlyCount "110"]
[EventDate "2015.09.05"]
[EventType "team"]
[EventRounds "9"]
[EventCountry "GER"]
[SourceTitle "EXT 2017"]
[Source "ChessBase"]
[SourceDate "2016.10.25"]
[SourceVersion "1"]
[SourceVersionDate "2016.10.25"]
[SourceQuality "1"]
[WhiteTeam "Telgte"]
[BlackTeam "Muenster SK III"]
[WhiteTeamCountry "GER"]
[BlackTeamCountry "GER"]

1. e4 e5 2. Nc3 Nf6 3. Nf3 Nc6 4. d4 exd4 5. Nxd4 Bb4 6. Nxc6 bxc6 7. Bd3 0-0 8. 0-0 d5 9. e5 Ng4 10. h3 Nxe5 11. Bxh7+ Kxh7 12. Qh5+ Kg8 13. Qxe5 Re8 14. Qd4 Bd6 15. Bf4 Bb7 16. Bxd6 Qxd6 17. Rfe1 c5 18. Qg4 Re7 19. Rxe7 Qxe7 20. Ne2 Qe5 21. c3 Rd8 22. Rd1 Rd6 23. Nf4 Ba6 24. Qf3 d4 25. cxd4 cxd4 26. Nd3 Bxd3 27. Qxd3 c5 28. Rc1 Qd5 29. g3 Rf6 30. a3 Rc6 31. Rc4 Qe6 32. b4 cxb4 33. Rxc6 Qxc6 34. Qxd4 bxa3 35. Qd8+ Kh7 36. Qd3+ g6 37. Qxa3 Qb6 38. Qe7 Kg7 39. g4 a6 40. h4 Qe6 41. Qb4 Qd5 42. Qc3+ Kh7 43. Kh2 a5 44. f4 a4 45. h5 Qa2+ 46. Kg1 Qb1+ 47. Kf2 Qe4 48. Qf6 Qd5 49. h6 Qd2+ 50. Kf3 Qd1+ 51. Kf2 Qd2+ 52. Kf3 Qd1+ 53. Kg3 Qe1+ 54. Kg2 Qe2+ 55. Kg3 Qe1+ 1/2-1/2

[Event "Muensterland Regionalliga 1516"]
[Site "Germany"]
[Date "2015.09.26"]
[Round "2.5"]
[White "Haas, Kai Markus"]
[Black "Kuhlenbaeumer, Willi"]
[Result "1/2-1/2"]
[WhiteElo "1997"]
[BlackElo "1947"]
[PlyCount "38"]
[EventDate "2015.09.05"]
[EventType "team"]
[EventRounds "9"]
[EventCountry "GER"]
[SourceTitle "EXT 2017"]
[Source "ChessBase"]
[SourceDate "2016.10.25"]
[SourceVersion "1"]
[SourceVersionDate "2016.10.25"]
[SourceQuality "1"]
[WhiteTeam "Nienberge"]
[BlackTeam "Telgte"]
[WhiteTeamCountry "GER"]
[BlackTeamCountry "GER"]

1. d3 d5 2. e4 e5 3. Nc3 Nf6 4. Bg5 c6 5. Nf3 Be7 6. Be2 0-0 7. 0-0 Qd6 8. a3 Nbd7 9. Re1 d4 10. Nb1 Nb6 11. Nbd2 Ne8 12. Bxe7 Qxe7 13. Nf1 g6 14. Qd2 Kg7 15. Ng3 Bg4 16. h3 Bxf3 17. Bxf3 Nc7 18. Nf1 Ne6 19. g3 Qd6 1/2-1/2

[Event "Muensterland Verbandsliga 1415"]
[Site "Germany"]
[Date "2014.12.20"]
[Round "5.4"]
[White "Van Almsick, Georg"]
[Black "Kuhlenbaeumer, Willi"]
[Result "0-1"]
[WhiteElo "1884"]
[BlackElo "1891"]
[PlyCount "43"]
[EventDate "2014.09.06"]
[EventType "team-tourn"]
[EventRounds "9"]
[EventCountry "GER"]
[SourceTitle "EXT 2016"]
[Source "ChessBase"]
[SourceDate "2015.10.08"]
[SourceVersion "1"]
[SourceVersionDate "2015.10.08"]
[SourceQuality "1"]
[WhiteTeam "Ahaus Wessum"]
[BlackTeam "Telgte"]
[WhiteTeamCountry "GER"]
[BlackTeamCountry "GER"]

1. f4 e5 2. fxe5 d6 3. exd6 Bxd6 4. Nf3 Nh6 5. e4 Ng4 6. Bc4 Nxh2 7. Nxh2 Qh4+ 8. Kf1 Bxh2 9. Qf3 Be6 10. Na3 Nc6 11. Bb5 0-0 12. Bxc6 bxc6 13. d3 f5 14. e5 Bd5 15. Qf2 Qxf2+ 16. Kxf2 Bxe5 17. c3 Rf6 18. Nc2 Rg6 19. Ne3 Be6 20. Rh5 Rf8 21. Bd2 Bg3+ 22. Kg1 0-1

[Event "Muensterland Verbandsliga 1415"]
[Site "Germany"]
[Date "2014.09.06"]
[Round "1.5"]
[White "Waltermann, Jens"]
[Black "Kuhlenbaeumer, Willi"]
[Result "1/2-1/2"]
[WhiteElo "1845"]
[BlackElo "1891"]
[PlyCount "89"]
[EventDate "2014.09.06"]
[EventType "team-tourn"]
[EventRounds "9"]
[EventCountry "GER"]
[SourceTitle "EXT 2016"]
[Source "ChessBase"]
[SourceDate "2015.10.08"]
[SourceVersion "1"]
[SourceVersionDate "2015.10.08"]
[SourceQuality "1"]
[WhiteTeam "Saerbeck"]
[BlackTeam "Telgte"]
[WhiteTeamCountry "GER"]
[BlackTeamCountry "GER"]

1. Nf3 Nf6 2. g3 g6 3. c4 Bg7 4. Nc3 0-0 5. Bg2 d6 6. 0-0 Nc6 7. d4 h6 8. d5 Nb8 9. e4 e5 10. Be3 Ng4 11. Bd2 f5 12. Ne1 c5 13. f3 Nf6 14. Nd3 Rf7 15. Qc1 Kh7 16. f4 fxe4 17. Nxe4 Nxe4 18. Bxe4 Bf5 19. fxe5 dxe5 20. Bxf5 gxf5 21. Nxc5 Qd6 22. Ne6 Nd7 23. Qc2 e4 24. Nxg7 Kxg7 25. Be3 Kh7 26. Rf2 Qg6 27. Qc3 Re8 28. Raf1 Ne5 29. Bf4 Ng4 30. Re2 h5 31. h4 Nf6 32. Kh2 Rg7 33. Bg5 Ng4+ 34. Kh3 Ne5 35. Re3 Nf3 36. Rfxf3 exf3 37. Rxe8 Qxe8 38. Qxf3 Kg6 39. Bd2 Qe4 40. Qxe4 fxe4 41. Kg2 Kf5 42. Bf4 Rg8 43. a4 Rc8 44. b3 a6 45. a5 1/2-1/2

[Event "Muensterland Verbandsklasse-B 1213"]
[Site "Germany"]
[Date "2012.11.17"]
[Round "3.3"]
[White "Kuhlenbaeumer, Willi"]
[Black "Lanfer, Stefanie"]
[Result "1-0"]
[WhiteElo "1924"]
[BlackElo "1745"]
[PlyCount "97"]
[EventDate "2012.09.15"]
[EventType "team-tourn"]
[EventRounds "9"]
[EventCountry "GER"]
[SourceTitle "EXT 2015"]
[Source "ChessBase"]
[SourceDate "2014.11.20"]
[SourceVersion "1"]
[SourceVersionDate "2014.11.20"]
[SourceQuality "1"]
[WhiteTeam "Telgte"]
[BlackTeam "Gescher"]
[WhiteTeamCountry "GER"]
[BlackTeamCountry "GER"]

1. f4 d5 2. Nf3 c5 3. b3 Nc6 4. Bb2 Nf6 5. e3 Bg4 6. h3 Bxf3 7. Qxf3 e6 8. Bb5 Qb6 9. Bxc6+ bxc6 10. 0-0 Ne4 11. Kh1 Be7 12. d3 Nd6 13. Nd2 Rg8 14. e4 g6 15. Rfe1 Kd7 16. Qf2 Raf8 17. Nf3 Kc7 18. a4 d4 19. Qd2 f5 20. Ba3 fxe4 21. dxe4 Nc8 22. Rab1 a5 23. Ne5 g5 24. f5 g4 25. hxg4 Bg5 26. Qd3 Bf4 27. Nc4 Qa7 28. Qf3 e5 29. Bc1 Bxc1 30. Rbxc1 h5 31. g5 Rxg5 32. Nxe5 Nd6 33. Qf4 Rg7 34. Nc4 Rd7 35. f6 Qb8 36. Nxd6 Rxd6 37. e5 Re6 38. Qd2 Kb6 39. c3 Qd8 40. b4 axb4 41. cxb4 d3 42. bxc5+ Kc7 43. Rb1 Kc8 44. Re4 Qc7 45. Qxd3 Rxe5 46. Qa6+ Kd7 47. Rb7 Rxe4 48. Rxc7+ Kxc7 49. Qa7+ 1-0